header

Carbon tax and cap-and-trade tools (Record no. 70009)

MARC details
000 -LEADER
fixed length control field 01567nam a2200373Ia 4500
082 04 - DEWEY DECIMAL CLASSIFICATION NUMBER
Classification number 363.738/746
100 1# - MAIN ENTRY--AUTHOR NAME
Personal name Burney, Nelson E.
245 10 - TITLE STATEMENT
Title Carbon tax and cap-and-trade tools
260 ## - PUBLICATION, DISTRIBUTION, ETC. (IMPRINT)
Place of publication New York :
Name of publisher Nova Science Publishers,
Year of publication c2010.
300 ## - PHYSICAL DESCRIPTION
Number of Pages xii, 114 p. :
Other physical details ill. (some col.).
490 1# - SERIES STATEMENT
Series statement Climate change and its causes, effects and prediction series
650 #0 - SUBJECT ADDED ENTRY--TOPICAL TERM
Topical Term Emissions trading
Topical Term Carbon taxes
Topical Term Air quality management
Topical Term Greenhouse gas mitigation
856 40 - ELECTRONIC LOCATION AND ACCESS
Uniform Resource Identifier http://site.ebrary.com/lib/rucke/Doc?id=10662877

No items available.

© 2026 Rongo University
Contact us: librarian | system librarian | Rongo university